00523nam a2200193 a 4500001001300000003000900013005001700022008004100039020001000080082002100090100002000111245005800131260004300189300000900232500003500241505001000276650002300286700002000309nice12345678IN_TiNIC20260116013527.0050524s1974 lona grp 000 0 eng  ac35000a909.0491411bLAN aLannoy, Richard aSpeaking Treeb a Study of Indian Culture and Society aLondonbOxford University Press c1974 a446p aincludes index and biblioraphy2 aIndex aCivilization-India1 aLannoy, Richard